000 00448nam a2200157Ia 4500
008 190423s9999 xx 000 0 und d
100 _aSiegel, Robert Anthony
245 4 _aThe Power of fake pills/
245 _cRobert Anthony Siegel
260 _bReader's Digest Asia
260 _c2019
300 _aPages 30-38, February 2019
440 _aAsia Reader's Digest: The Power of fake pills
_v115:672
650 _aHealth
650 _aMedicine
999 _c361499
_d361499